[Event "Memorial Jose Marti"]
[Site "masterchessopen.com – Matanzas (Cuba)"]
[Date "2007.08.01"]
[Round "1"]
[White "Munoz Santiago (CUB)"]
[Black "Ruiz Luis (CUB)"]
[Result "0-1"]
[WhiteElo "2090"]
[BlackElo "2043"]

1.d4 Nf6 2.c4 e6 3.Nf3 c5 4.d5 b5 5.cxb5 exd5 6.e3 Be7 7.Be2 d6 8.O-O O-O
9.Nc3 Bb7 10.b3 Nbd7 11.Bb2 Re8 12.Qc2 Bf8 13.Rfd1 g6 14.a4 Qe7 15.a5 Rac8
16.h3 Ne5 17.a6 Ba8 18.b6 axb6 19.Nxe5 dxe5 20.Bb5 d4 21.Na4 Qc7 22.Bxe8 Rxe8
23.exd4 exd4 24.b4 Qc6 25.f3 Nd5 26.b5 Qxb5 27.Qd3 Qc6 {#R} 0-1

[Event "It (open)"]
[Site "masterchessopen.com – Goch (Germany)"]
[Date "2007.10.07"]
[Round "6"]
[White "Niemann Peter (GER)"]
[Black "Heinemann Ernst (GER)"]
[Result "0-1"]
[WhiteElo "2093"]
[BlackElo "2216"]

1.d4 Nf6 2.c4 c5 3.d5 b5 4.Nf3 e6 5.dxe6 fxe6 6.cxb5 d5 7.e3 Bd6 8.Nbd2 O-O
9.Be2 Bb7 10.Qc2 Nbd7 11.O-O Qe7 12.Re1 Ne4 13.h3 Ndf6 14.Bd3 Rf7 15.Bxe4 Nxe4
16.Nxe4 dxe4 17.Nh2 Raf8 18.Re2 Qh4 19.Nf1 Rf3 20.Rd2 Bd5 21.gxf3 exf3 22.e4
Qxh3 23.Ne3 Qh2+ {#R} 0-1

[Event "Tournament (Elo) (c)"]
[Site "masterchessopen.com – Petrozavodsk (Russia)"]
[Date "2007.10.14"]
[Round "4"]
[White "Shaliapin Alexey (RUS)"]
[Black "Ivanov Sergey A (RUS)"]
[Result "0-1"]
[WhiteElo "1960"]
[BlackElo "2324"]

1.d4 Nf6 2.Nf3 e6 3.c4 c5 4.d5 b5 5.dxe6 fxe6 6.cxb5 d5 7.e3 Bd6 8.Be2 O-O
9.O-O Bb7 10.b3 e5 11.Bb2 Nbd7 12.Nc3 e4 13.Ng5 Qe7 14.Bg4 Qe5 15.f4 exf3 {#R}
0-1

[Event "It (open)"]
[Site "masterchessopen.com – Le Touquet (France)"]
[Date "2007.10.29"]
[Round "3"]
[White "Song Julien (FRA)"]
[Black "Kunin Vitaly (GER)"]
[Result "0-1"]
[WhiteElo "2111"]
[BlackElo "2507"]

1.d4 Nf6 2.c4 e6 3.Nf3 c5 4.d5 b5 5.e3 Bb7 6.cxb5 Bxd5 7.Nc3 Bb7 8.Be2 Be7
9.O-O O-O 10.Qc2 d5 11.Rd1 Nbd7 12.b3 e5 13.Bb2 Rc8 14.Na4 e4 15.Ne5 Bd6
16.Nxd7 Nxd7 17.Qd2 Qg5 18.Nc3 d4 19.Na4 Ne5 20.Kh1 Rfe8 21.Bf1 Ng4 22.h3 Re6
23.Qe2 Nxe3 24.Bc1 Qe5 {#R} 0-1

[Event "Ch Baden (juniors) (under 16)"]
[Site "masterchessopen.com – Karlsruhe (Germany)"]
[Date "2008.01.05"]
[Round "6"]
[White "Qadirie Leon (GER)"]
[Black "Tiemann Christoph (GER)"]
[Result "1-0"]
[WhiteElo "1941"]
[BlackElo "2079"]

1.d4 Nf6 2.c4 e6 3.Nf3 c5 4.d5 b5 5.cxb5 exd5 6.Bg5 Bb7 7.g3 Be7 8.Bg2 O-O
9.O-O a6 10.bxa6 Nxa6 11.Nbd2 h6 12.Bf4 Nh5 13.Be5 d6 14.Bc3 d4 15.Nxd4 Bxg2
16.Ne6 fxe6 17.Kxg2 Nf6 18.a4 d5 19.Nb3 d4 20.Ba5 Qd5+ 21.Kg1 Rfb8 22.Ra3 c4
23.Qxd4 cxb3 {#r} 1-0

[Event "It (open) \"]
[Site "masterchessopen.com – Athens (Greece)"]
[Date "2008.01.16"]
[Round "2"]
[White "Filippas Sebastian (GRE)"]
[Black "Sideris Theodoros (GRE)"]
[Result "1-0"]
[WhiteElo "2221"]
[BlackElo "2034"]

1.d4 Nf6 2.Nf3 c5 3.d5 e6 4.c4 b5 5.dxe6 fxe6 6.cxb5 d5 7.Bg5 Be7 8.e3 Nbd7
9.Nc3 Bb7 10.Be2 e5 11.Bxf6 Bxf6 12.Nxd5 Qa5+ 13.Nc3 e4 14.Nd2 Bxc3 15.bxc3
Qxc3 16.O-O O-O 17.Rc1 Qf6 18.Nxe4 Bxe4 19.Qxd7 Rad8 20.Qh3 Rd2 21.Bc4+ Kh8
22.Qe6 Rxf2 23.Qxe4 Qb2 24.Rc2 Rxf1+ 25.Bxf1 Rxf1+ 26.Kxf1 {#r} 1-0

[Event "It \"]
[Site "masterchessopen.com – Belgrade (Yugoslavia)"]
[Date "2008.01.28"]
[Round "7"]
[White "Gagic Miroljub (SRB)"]
[Black "Jovic Branko (SRB)"]
[Result "1-0"]
[WhiteElo "1851"]
[BlackElo "1824"]

1.d4 Nf6 2.c4 e6 3.Nf3 c5 4.d5 b5 5.e3 bxc4 6.Bxc4 Ba6 7.Bxa6 Qa5+ 8.Nc3 Nxa6
9.O-O g6 10.e4 Nc7 11.e5 Nfxd5 12.Ne4 Be7 13.Bg5 Bxg5 14.Nd6+ Kf8 15.Nxg5 Kg7
16.Qc1 Rab8 17.Ngxf7 Rhf8 18.Qh6+ Kg8 19.Ng5 {#r} 1-0

[Event "NRW Klasse 1 2007/08"]
[Site "masterchessopen.com – Germany"]
[Date "2008.02.10"]
[Round "6"]
[White "Essing Arnold (GER)"]
[Black "Odendahl Reiner (GER)"]
[Result "0-1"]
[WhiteElo "2259"]
[BlackElo "2442"]

1.d4 Nf6 2.c4 e6 3.Nf3 c5 4.d5 b5 5.dxe6 fxe6 6.cxb5 d5 7.g3 a6 8.bxa6 Bd6
9.Bg2 O-O 10.O-O Nc6 11.b3 Bxa6 12.Bb2 Qe8 13.Re1 Rd8 14.Qc1 e5 15.Ba3 e4
16.Ng5 Nd4 17.Nc3 Qh5 18.f4 h6 19.Nh3 Bxe2 20.Qd2 Bf3 21.Rf1 Ng4 {#R} 0-1

[Event "Ch Russia (club) (w)"]
[Site "masterchessopen.com – Sochi (Russia)"]
[Date "2008.04.04"]
[Round "3"]
[White "Gromova Iulia (RUS)"]
[Black "Nebolsina Vera (RUS)"]
[Result "0-1"]
[WhiteElo "2185"]
[BlackElo "2340"]

1.d4 Nf6 2.c4 c5 3.d5 b5 4.Nf3 e6 5.dxe6 fxe6 6.cxb5 d5 7.Bg5 Be7 8.Nc3 Bb7
9.e4 d4 10.e5 Ng8 11.Bxe7 Nxe7 12.Nb1 Nd7 13.Nbd2 Ng6 14.Nc4 O-O 15.Be2 Nf4
16.Rg1 d3 17.Bf1 Bd5 18.Ne3 Bxf3 19.Qxf3 Qa5+ 20.Kd1 Qa4+ 21.b3 Qd4 22.Rc1
Nxe5 23.Qg3 Qb2 {#R} 0-1

[Event "NRW Klasse 2 2007/08"]
[Site "masterchessopen.com – Germany"]
[Date "2008.04.06"]
[Round "8"]
[White "Hengelbrock Joachim (GER)"]
[Black "Elmali Naufel (GER)"]
[Result "1-0"]
[WhiteElo "2295"]
[BlackElo "2131"]

1.d4 e6 2.c4 Nf6 3.Nf3 c5 4.d5 b5 5.Bg5 h6 6.Bxf6 Qxf6 7.Nc3 bxc4 8.e3 g6
9.Nd2 Bg7 10.Nde4 Qe7 11.dxe6 O-O 12.exf7+ Qxf7 13.f3 Bxc3+ 14.Nxc3 Bb7 15.e4
Na6 16.Qd6 Nb4 17.O-O-O Rac8 18.Bxc4 Qxc4 19.Qxg6+ Kh8 20.Qxh6+ Kg8 21.Qg6+
Kh8 22.Rxd7 Nxa2+ 23.Kd2 Rf7 24.Qxf7 {#r} 1-0

[Event "It (open)"]
[Site "masterchessopen.com – Frome (England)"]
[Date "2008.05.11"]
[Round "5"]
[White "Weiss Thomas (GER)"]
[Black "Morris Gareth (WLS)"]
[Result "0-1"]
[WhiteElo "2213"]
[BlackElo "2146"]

1.d4 Nf6 2.Nf3 c5 3.d5 e6 4.c4 b5 5.a4 b4 6.Nbd2 exd5 7.cxd5 Nxd5 8.e4 Nc7
9.Bc4 Be7 10.Ne5 O-O 11.Qf3 Qe8 12.O-O d6 13.Ng4 Nc6 14.Re1 Nd4 15.Qg3 Nc2
{#R} 0-1

[Event "It (open)"]
[Site "masterchessopen.com – Voronezh (Russia)"]
[Date "2008.06.20"]
[Round "8"]
[White "Vlasenko Alexey (RUS)"]
[Black "Volkov Sergei (RUS)"]
[Result "1-0"]
[WhiteElo "2336"]
[BlackElo "2283"]

1.d4 Nf6 2.Nf3 c5 3.d5 e6 4.c4 b5 5.cxb5 exd5 6.e3 Bb7 7.Be2 Be7 8.O-O a6
9.Nc3 axb5 10.Nxb5 O-O 11.b3 d6 12.Bb2 Nc6 13.Nh4 Qd7 14.a4 Rfe8 15.Bd3 g6
16.Be2 Ne4 17.f3 Bf6 18.fxe4 Bxb2 19.Rb1 Bg7 20.Qxd5 Nd4 21.Bg4 Ne2+ 22.Kh1
Qxg4 23.Qxf7+ Kh8 24.Qxb7 Qxh4 25.Nxd6 Ng3+ 26.Kg1 Nxf1 27.Rxf1 Be5 28.Nf7+
Kg8 {#r} 1-0

[Event "It (open)"]
[Site "masterchessopen.com – Wroclaw (Poland)"]
[Date "2008.06.26"]
[Round "8"]
[White "Alvarado Carlos (PER)"]
[Black "Krupa Monika (POL)"]
[Result "0-1"]
[WhiteElo "2184"]
[BlackElo "2215"]

1.d4 Nf6 2.Nf3 e6 3.c4 c5 4.d5 b5 5.Bg5 exd5 6.cxd5 d6 7.e3 a6 8.a4 b4 9.Nbd2
Be7 10.Nc4 Bb7 11.Bxf6 Bxf6 12.Be2 O-O 13.a5 Qe7 14.Qd3 Nd7 15.O-O g6 16.Rfe1
Rae8 17.Bd1 Ne5 18.Nfxe5 Bxe5 19.Ba4 Rd8 20.f4 {#R} 0-1

[Event "It (cat.8)"]
[Site "masterchessopen.com – Budapest (Hungary)"]
[Date "2008.07.17"]
[Round "13"]
[White "Nguyen Huynh Hui"]
[Black "Radziewicz Iweta (POL)"]
[Result "0-1"]
[WhiteElo "2477"]
[BlackElo "2404"]

1.d4 Nf6 2.Nf3 c5 3.d5 e6 4.c4 b5 5.Bg5 exd5 6.cxd5 h6 7.Bxf6 Qxf6 8.Qc2 Be7
9.e4 Qb6 10.a4 bxa4 11.Nbd2 Na6 12.Qxa4 Nb4 13.Be2 O-O 14.O-O d6 15.Nc4 Qc7
16.Rad1 Bf6 17.Na3 Re8 18.e5 dxe5 19.Nb5 Qd7 20.Nd2 e4 21.Nb3 {#R} 0-1

[Event "It (open) \"]
[Site "masterchessopen.com – Senta (Serbia)"]
[Date "2008.07.20"]
[Round "5"]
[White "Drnovsek Nejc (SLO)"]
[Black "Ganaus Hannes (AUT)"]
[Result "0-1"]
[WhiteElo "2125"]
[BlackElo "2275"]

1.d4 Nf6 2.Nf3 e6 3.c4 c5 4.d5 b5 5.Bg5 b4 6.e4 d6 7.Bd3 Be7 8.O-O e5 9.Re1
Nxd5 10.exd5 Bxg5 11.a3 b3 12.Qxb3 Be7 13.Qb5+ Nd7 14.Nxe5 dxe5 15.Qc6 Rb8
16.d6 Bf6 17.f4 Bb7 18.Qa4 O-O 19.Bf5 Nb6 20.Qxa7 e4 21.Nc3 Bd4+ 22.Kh1 Nxc4
23.Nb5 Nxd6 24.Nxd6 Qxd6 {#R} 0-1

[Event "It (open) \"]
[Site "masterchessopen.com – Helsingor (Denmark)"]
[Date "2008.07.24"]
[Round "7"]
[White "Schmied Andreas (GER)"]
[Black "Svane Rasmus (GER)"]
[Result "0-1"]
[WhiteElo "2068"]
[BlackElo "1967"]

1.d4 Nf6 2.c4 e6 3.Nf3 c5 4.d5 b5 5.Bg5 bxc4 6.Nc3 exd5 7.Bxf6 Qxf6 8.Qxd5 Nc6
9.Qxc4 Rb8 10.Rb1 Nb4 11.Qe4+ Be7 12.Qe5 Qxe5 13.Nxe5 Bf6 14.a3 Na6 15.f4 d6
16.e4 dxe5 17.Bb5+ Kf8 18.O-O exf4 19.Bc4 Nc7 20.Rxf4 Be6 {#R} 0-1

[Event "It (open) \"]
[Site "masterchessopen.com – Samara (Russia)"]
[Round "7"]
[White "Ushakova Irina (RUS)"]
[Black "Voznesensky Vladimir (RUS)"]
[Result "0-1"]
[WhiteElo "2162"]
[BlackElo "1909"]

1.d4 Nf6 2.Nf3 c5 3.d5 e6 4.c4 b5 5.Nc3 b4 6.Nb1 exd5 7.cxd5 Bb7 8.Bg5 h6
9.Bxf6 Qxf6 10.Qd2 Qf5 11.Qe3+ Kd8 12.Nbd2 Bxd5 13.Nb3 d6 14.O-O-O Nd7 15.Qd2
Be6 16.e3 a5 17.Bd3 Qf6 18.Be4 Ra7 19.Kb1 a4 20.Nc1 a3 21.b3 g5 22.Bd5 Bxd5
{#R} 0-1

[Event "Memorial M.Najdorf (open)"]
[Site "masterchessopen.com – Warsaw (Poland)"]
[Date "2008.08.04"]
[Round "3"]
[White "Gajewski Grzegorz (POL)"]
[Black "Vedrickas Tautvydas (LTU)"]
[Result "1-0"]
[WhiteElo "2577"]
[BlackElo "2268"]

1.d4 Nf6 2.c4 e6 3.Nf3 c5 4.d5 b5 5.dxe6 fxe6 6.cxb5 d5 7.Bf4 Bd6 8.Bxd6 Qxd6
9.g3 a6 10.Nc3 O-O 11.Bh3 Qe7 12.O-O Nbd7 13.Qc2 d4 14.Ne4 axb5 15.b4 Bb7
16.Nxc5 Nxc5 17.Qxc5 Qxc5 18.bxc5 Bxf3 19.Bxe6+ Kh8 20.exf3 Ra6 21.Rfe1 Rc6
22.Rad1 Rd8 23.Re5 Re8 24.Rde1 g6 25.Bb3 Rf8 26.Rd1 {#r} 1-0

[Event "It (open) \"]
[Site "masterchessopen.com – Belgrade (Serbia)"]
[Date "2008.08.20"]
[Round "5"]
[White "Ratkovic Milovan (SRB)"]
[Black "Jovic Branko (SRB)"]
[Result "1-0"]
[WhiteElo "1985"]
[BlackElo "1824"]

1.d4 Nf6 2.Nf3 e6 3.c4 c5 4.d5 b5 5.dxe6 fxe6 6.cxb5 d5 7.e3 Bd6 8.Nc3 O-O
9.Be2 a6 10.bxa6 Bxa6 11.O-O Bxe2 12.Qxe2 Qb6 13.Rd1 Rd8 14.e4 Bf8 15.exd5
exd5 16.Bg5 Re8 17.Qd3 d4 18.Bxf6 Qxf6 19.Nd5 Qd6 20.Ng5 g6 21.Ne4 {#r} 1-0

[Event "It (open) \"]
[Site "masterchessopen.com – Belgrade (Serbia)"]
[Date "2008.08.22"]
[Round "7"]
[White "Ilic Savo (BIH)"]
[Black "Vucinic Gojko (SRB)"]
[Result "1-0"]
[WhiteElo "1740"]
[BlackElo "1920"]

1.Nf3 c5 2.d4 Nf6 3.d5 e6 4.c4 b5 5.Bg5 exd5 6.cxd5 d6 7.e4 a6 8.Nbd2 Be7 9.h3
Nxd5 10.exd5 Bxg5 11.Be2 O-O 12.O-O Bb7 13.Ne4 Bf6 14.Qd2 Re8 15.Bd3 h6
16.Rfe1 Be7 17.Re2 Bxd5 18.Bxb5 Bxe4 19.Bxe8 Bxf3 20.Bxf7+ Kxf7 21.Qf4+ Bf6
22.Qxf3 Ra7 23.Rae1 g6 24.h4 Kg7 25.Re8 Qb6 26.h5 {#r} 1-0

[Event "It (open)"]
[Site "masterchessopen.com – Vadso (Norway)"]
[Round "5"]
[White "Svendsen Frank (NOR)"]
[Black "Feoktistov Alexey A (RUS)"]
[Result "0-1"]
[WhiteElo "2029"]
[BlackElo "2415"]

1.d4 Nf6 2.Nf3 e6 3.c4 c5 4.d5 b5 5.b3 Bb7 6.dxe6 fxe6 7.e3 bxc4 8.Bxc4 Be7
9.O-O O-O 10.Nbd2 Qc7 11.h3 d5 12.Bd3 e5 13.e4 c4 14.Bc2 c3 15.Nb1 Nxe4
16.Bxe4 dxe4 17.Ne1 Ba6 18.Qd5+ Kh8 19.Qxe4 Bxf1 20.Kxf1 Nd7 21.Nf3 Rad8
22.Qc2 e4 23.Qxe4 Bf6 24.Qc2 Ne5 25.Ng5 Nd3 26.Na3 Bxg5 27.Bxg5 Qg3 28.f4 Qxg5
{#R} 0-1

[Event "Ch Faroe Islands (team) 2008/09"]
[Site "masterchessopen.com – Faroe Islands"]
[Date "2008.09.28"]
[Round "1"]
[White "Jacobsen Suni (FAI)"]
[Black "Poulsen Martin (FAI)"]
[Result "0-1"]
[WhiteElo "1976"]
[BlackElo "2281"]

1.d4 Nf6 2.Nf3 c5 3.d5 e6 4.c4 b5 5.Nc3 b4 6.Na4 exd5 7.cxd5 d6 8.Bg5 h6
9.Bxf6 Qxf6 10.e4 g5 11.Rb1 Bg7 12.Be2 O-O 13.Nd2 Nd7 14.O-O Ne5 15.b3 g4
16.Nb2 Qg6 17.Nbc4 f5 18.Nxe5 Bxe5 19.Bd3 Qh5 20.g3 f4 21.Re1 fxg3 22.hxg3
Rxf2 23.Kxf2 Qh2+ 24.Kf1 Bxg3 {#R} 0-1

[Event "Tournament"]
[Site "masterchessopen.com – Swietochlowice (Poland)"]
[Date "2008.10.02"]
[Round "3"]
[White "Leczycki Pawel (POL)"]
[Black "Krasnodebska Magdalena (POL)"]
[Result "1-0"]
[WhiteElo "1910"]
[BlackElo "2071"]

1.d4 Nf6 2.Nf3 e6 3.c4 c5 4.d5 b5 5.Nc3 a6 6.Bg5 Qa5 7.Bxf6 gxf6 8.e4 b4 9.Ne2
d6 10.Ng3 Nd7 11.Be2 Ne5 12.O-O Be7 13.Nd2 Rg8 14.f4 Ng6 15.Bh5 Kd8 16.e5 exd5
17.Nb3 Qb6 18.Qxd5 Qb7 19.Qxf7 Rf8 20.Qxh7 Nh4 21.Bf3 Nxf3+ 22.Rxf3 fxe5
23.Raf1 e4 24.Na5 Qb6 25.Qxe4 Qxa5 26.Qxa8 Qxa2 27.b3 {#r} 1-0

[Event "It (open)"]
[Site "masterchessopen.com – Sautron (France)"]
[Date "2008.11.01"]
[Round "9"]
[White "Bensdorp Marlies (NED)"]
[Black "Pirotais Jerome (FRA)"]
[Result "1-0"]
[WhiteElo "2303"]
[BlackElo "1990"]

1.d4 Nf6 2.c4 e6 3.Nf3 c5 4.d5 b5 5.dxe6 fxe6 6.cxb5 d5 7.Nc3 Nbd7 8.g3 a6
9.bxa6 Bd6 10.Bg2 O-O 11.O-O Bxa6 12.Qc2 Qe7 13.Rd1 Rab8 14.h3 d4 15.Ne4 Nxe4
16.Qxe4 Nf6 17.Qc2 e5 18.Ng5 Qd7 19.b3 Rfc8 20.Bd5+ Nxd5 21.Qxh7+ Kf8 22.Qh8+
Ke7 23.Qxg7+ Kd8 24.Qg8+ {#r} 1-0

[Event "Bundesliga B East 2008/09"]
[Site "masterchessopen.com – Austria"]
[Date "2008.11.22"]
[Round "4"]
[White "Plachetka Jan (SVK)"]
[Black "Ganaus Hannes (AUT)"]
[Result "0-1"]
[WhiteElo "2406"]
[BlackElo "2275"]

1.d4 Nf6 2.Nf3 e6 3.c4 c5 4.d5 b5 5.Bg5 b4 6.e4 d6 7.Bd3 Be7 8.O-O O-O 9.dxe6
Bxe6 10.e5 dxe5 11.Bxf6 Bxf6 12.Be4 Nd7 13.Bxa8 Qxa8 14.Qc2 e4 15.Nfd2 Bf5
16.Re1 g6 17.g4 e3 18.gxf5 exf2+ 19.Kxf2 Bh4+ 20.Kg1 Bxe1 21.Qe4 Qxe4 22.Nxe4
Re8 23.Nd6 Re3 24.Kf1 Bh4 25.Nd2 Rd3 26.N2e4 gxf5 {#R} 0-1

[Event "It (open)"]
[Site "masterchessopen.com – Seoul (South Korea)"]
[Date "2008.12.04"]
[Round "9"]
[White "Li Wenliang (CHN)"]
[Black "Nadanian Ashot (ARM)"]
[Result "1-0"]
[WhiteElo "2443"]
[BlackElo "2445"]

1.d4 Nf6 2.Nf3 c5 3.d5 e6 4.c4 b5 5.Bg5 Qa5+ 6.Bd2 Qb6 7.Nc3 exd5 8.Nxd5 Nxd5
9.cxd5 d6 10.a4 b4 11.Qc2 Be7 12.h4 Qb7 13.e4 Bf6 14.Bb5+ Bd7 15.e5 Bxe5
16.Nxe5 Bxb5 17.axb5 Qe7 18.O-O dxe5 19.d6 Qb7 20.Qxc5 Nd7 21.Qc6 Rb8 22.Rfc1
O-O 23.Qxb7 Rxb7 24.Rc7 Rxc7 25.dxc7 Rc8 26.Ra2 {#r} 1-0

[Event "Extraliga 2008/09"]
[Site "masterchessopen.com – Czech Republic"]
[Date "2009.02.08"]
[Round "7"]
[White "Cernousek Lukas (CZE)"]
[Black "Navara David (CZE)"]
[Result "0-1"]
[WhiteElo "2431"]
[BlackElo "2687"]

1.d4 Nf6 2.c4 e6 3.Nf3 c5 4.d5 b5 5.dxe6 fxe6 6.cxb5 d5 7.g3 Bd6 8.Bg2 a6
9.bxa6 O-O 10.O-O Nc6 11.Nbd2 Bxa6 12.Re1 c4 13.b3 c3 14.Nb1 Ne4 15.Be3 Qa5
16.Rf1 Bc5 17.Ne1 Bxe3 18.fxe3 Rxf1+ 19.Kxf1 Qc5 20.Nc2 Qf8+ 21.Kg1 Qf2+
22.Kh1 Bxe2 23.Qe1 Bd3 24.Nxc3 Bxc2 25.Qxf2 Nxf2+ 26.Kg1 Ne4 27.Rc1 Nb4 28.Na4
Rc8 {#R} 0-1

[Event "It (open)"]
[Site "masterchessopen.com – Uxbridge (England)"]
[Date "2009.02.20"]
[Round "1"]
[White "Bonafont Philip (ENG)"]
[Black "Cutmore Martin J (ENG)"]
[Result "1-0"]
[WhiteElo "2124"]
[BlackElo "2061"]

1.d4 Nf6 2.Nf3 c5 3.d5 b5 4.c4 e6 5.Bg5 exd5 6.cxd5 Qa5+ 7.Nc3 Ne4 8.Qc2 Nxg5
9.Nxg5 Be7 10.Qe4 d6 11.e3 c4 12.Be2 Na6 13.O-O Nc5 14.Qf4 Bxg5 15.Qxg5 O-O
16.a4 b4 17.Nb5 Nb3 18.Rad1 c3 19.bxc3 bxc3 20.Bd3 Qxa4 21.Nxc3 Nc5 22.Nxa4
{#r} 1-0

[Event "Ch Croatia (team) (3rd league)"]
[Site "masterchessopen.com – Zagreb (Croatia)"]
[Date "2009.03.08"]
[Round "1"]
[White "Krklec Josip (CRO)"]
[Black "Portada Maroje (CRO)"]
[Result "1-0"]
[WhiteElo "2158"]
[BlackElo "2089"]

1.Nf3 Nf6 2.d4 c5 3.d5 e6 4.c4 b5 5.Bg5 bxc4 6.Nc3 Qa5 7.Bxf6 gxf6 8.e3 Ba6
9.Be2 Bg7 10.O-O O-O 11.Qc2 f5 12.Rfd1 Rd8 13.Rd2 Bf6 14.Rad1 Bb7 15.Bxc4 Na6
16.e4 Nb4 17.Qb1 Rab8 18.dxe6 dxe6 19.exf5 Nd5 20.fxe6 fxe6 21.Ne4 {#r} 1-0

[Event "Ch Europe"]
[Site "masterchessopen.com – Budva (Montenegro)"]
[Date "2009.03.16"]
[Round "10"]
[White "Jankovic Alojzije (CRO)"]
[Black "Van Eijk Sander (NED)"]
[Result "1-0"]
[WhiteElo "2549"]
[BlackElo "2338"]

1.d4 Nf6 2.c4 e6 3.Nf3 c5 4.d5 b5 5.Bg5 exd5 6.cxd5 h6 7.Bxf6 Qxf6 8.Nc3 b4
9.Na4 Be7 10.a3 bxa3 11.Rxa3 c4 12.Ra1 Bb4+ 13.Nd2 Bb7 14.e4 O-O 15.Bxc4 Qd4
16.Nc3 a5 17.O-O Rc8 18.Qe2 Na6 19.Rac1 Bxc3 20.bxc3 Qe5 21.Bb5 Nc7 22.Nc4 Qf6
23.Bxd7 Rd8 24.Ba4 {#r} 1-0

[Event "It (cat.3)"]
[Site "masterchessopen.com – Ramos Mejia (Argentina)"]
[Date "2009.03.16"]
[Round "4"]
[White "Daneri Martin (ARG)"]
[Black "Rodriguez Andres (URU)"]
[Result "0-1"]
[WhiteElo "2149"]
[BlackElo "2522"]

1.d4 e6 2.Nf3 c5 3.c4 Nf6 4.d5 b5 5.Bg5 b4 6.e4 d6 7.dxe6 Bxe6 8.e5 dxe5
9.Qxd8+ Kxd8 10.Nxe5 Bd6 11.Bxf6+ gxf6 12.Nf3 Re8 13.Kd1 Nc6 14.Bd3 Kc7
15.Nbd2 Rad8 16.Kc2 Bf4 17.Ne4 b3+ 18.Kc3 Rxd3+ 19.Kxd3 Bf5 20.Rhe1 Bxe4+
21.Kc3 Nb4 22.axb3 Rd8 {#R} 0-1

[Event "It \"]
[Site "masterchessopen.com – Werther (Germany)"]
[Date "2009.04.03"]
[Round "2"]
[White "Manolache Marius (ROM)"]
[Black "Freiberger Jonas (GER)"]
[Result "1-0"]
[WhiteElo "2479"]
[BlackElo "2216"]

1.d4 Nf6 2.Nf3 e6 3.c4 c5 4.d5 b5 5.dxe6 fxe6 6.cxb5 d5 7.Bf4 Be7 8.e3 O-O
9.Be2 Nbd7 10.O-O Bb7 11.h3 Ne4 12.Nbd2 Bf6 13.Nxe4 dxe4 14.Ng5 Bxg5 15.Bxg5
Qxg5 16.Qxd7 Bd5 17.Rac1 Rf7 18.Qd6 Qf6 19.Rxc5 Qxb2 20.Bc4 Bxc4 21.Rxc4 Re8
22.a4 Rf6 23.Qd4 {#r} 1-0

[Event "Ch Thailand (open)"]
[Site "masterchessopen.com – Bangkok (Thailand)"]
[Date "2009.04.05"]
[Round "8"]
[White "Tuomala Timo (FIN)"]
[Black "Strand Haakon (NOR)"]
[Result "1-0"]
[WhiteElo "2218"]
[BlackElo "2062"]

1.Nf3 Nf6 2.c4 c5 3.d4 e6 4.d5 b5 5.dxe6 fxe6 6.cxb5 d5 7.e3 Bd6 8.Be2 e5
9.Nc3 Bb7 10.Ng5 Qe7 11.e4 d4 12.Bc4 dxc3 13.Nf7 Nxe4 14.Nxh8 Nxf2 15.Qh5+ g6
16.Nxg6 hxg6 17.Qxg6+ Kd7 18.Qf5+ Kc7 19.Qxf2 Nd7 20.O-O Nb6 21.Qf7 {#r} 1-0

[Event "Ch Romania (juniors) (under 18)"]
[Site "masterchessopen.com – Voineasa (Romania)"]
[Date "2009.04.11"]
[Round "6"]
[White "Miroiu George Catalin (ROM)"]
[Black "Anton Teodor (ROM)"]
[Result "0-1"]
[WhiteElo "2187"]
[BlackElo "2365"]

1.d4 Nf6 2.Nf3 e6 3.c4 c5 4.d5 b5 5.dxe6 fxe6 6.cxb5 d5 7.Nbd2 a6 8.bxa6 Bd6
9.g3 O-O 10.Bg2 Nc6 11.O-O Bxa6 12.Re1 Ng4 13.Nf1 Qf6 14.Ne3 Nxe3 15.Bxe3 Kh8
16.Qd2 Rab8 17.Rab1 h6 18.Rf1 d4 19.Qd1 dxe3 20.Qxd6 Bxe2 21.Qxc6 Bxf1 22.Kxf1
Qf5 23.Rc1 Qd3+ 24.Kg1 exf2+ 25.Kh1 Rxb2 26.Rf1 Rb1 27.Nd2 Qxd2 {#R} 0-1

[Event "Ch Russia (juniors) (under 18)"]
[Site "masterchessopen.com – Dagomys (Russia)"]
[Date "2009.04.15"]
[Round "1"]
[White "Goganov Aleksey (RUS)"]
[Black "Yankovsky Roman (RUS)"]
[Result "1-0"]
[WhiteElo "2434"]
[BlackElo "2288"]

1.d4 Nf6 2.Nf3 e6 3.c4 c5 4.d5 b5 5.Bg5 h6 6.Bxf6 Qxf6 7.Nc3 b4 8.Nb5 Kd8 9.e4
g5 10.e5 Qf4 11.Bd3 g4 12.Qd2 Qxd2+ 13.Nxd2 exd5 14.cxd5 Bb7 15.Bc4 a6 16.Nd6
Bxd6 17.exd6 Re8+ 18.Kd1 Re5 19.h3 g3 20.Re1 Rxd5 21.Bxd5 Bxd5 22.fxg3 a5
23.Re5 {#r} 1-0

[Event "It (open)"]
[Site "masterchessopen.com – La Laguna (Spain)"]
[Date "2009.05.05"]
[Round "2"]
[White "Skutta Bernd (GER)"]
[Black "Teske Henrik (GER)"]
[Result "0-1"]
[WhiteElo "2127"]
[BlackElo "2536"]

1.d4 Nf6 2.Nf3 c5 3.d5 e6 4.c4 b5 5.Bg5 exd5 6.cxd5 h6 7.Bf4 Bb7 8.d6 Nh5
9.Be5 Nc6 10.e3 Nxe5 11.Nxe5 Qg5 12.Nxd7 Kxd7 13.Bxb5+ Ke6 14.Nc3 Bxd6 15.Qb3+
Ke7 16.O-O-O Rhd8 17.Bc4 Bxg2 18.Rhg1 Rab8 19.Qa3 Qh4 20.Qxa7+ Rd7 21.Qa6 Qxf2
22.Rge1 Qxb2# 0-1

[Event "Ch Bulgaria (team) (w)"]
[Site "masterchessopen.com – Sunny Beach (Bulgaria)"]
[Date "2009.05.12"]
[Round "5"]
[White "Tomovska-Polendakova Iliana (BUL)"]
[Black "Maksimovic Suzana (SRB)"]
[Result "0-1"]
[WhiteElo "2028"]
[BlackElo "2255"]

1.d4 Nf6 2.Nf3 e6 3.c4 c5 4.d5 b5 5.Bg5 exd5 6.Bxf6 Qxf6 7.Qxd5 Qxb2 8.Qe5+
Qxe5 9.Nxe5 g5 10.Nc3 Bg7 11.Nxb5 Bxe5 12.O-O-O Nc6 13.e3 Ke7 14.h4 a6 15.Na3
g4 16.f4 gxf3 17.gxf3 Rb8 18.Nb1 d6 19.f4 Bf5 20.Bd3 Bb2+ 21.Kd2 Bxd3 22.Kxd3
Rhg8 23.Rh2 f5 24.a3 Rg3 25.Nd2 Bxa3 26.Ra1 Bb2 27.Rb1 {#R} 0-1

[Event "It (open)"]
[Site "masterchessopen.com – Tres Cantos (Spain)"]
[Date "2009.06.07"]
[Round "2"]
[White "Alvarez Gonzalez Eduardo (ESP)"]
[Black "Munoz Munoz Pablo (ESP)"]
[Result "0-1"]
[WhiteElo "1868"]
[BlackElo "2027"]

1.d4 Nf6 2.Nf3 e6 3.c4 c5 4.d5 b5 5.cxb5 Bb7 6.dxe6 fxe6 7.e3 d5 8.Be2 Bd6
9.Nc3 O-O 10.Qc2 Nbd7 11.Nd2 Qe7 12.Nb3 Ne5 13.Na5 d4 14.Nxb7 Qxb7 15.exd4
cxd4 16.Qd1 Qxg2 17.Rf1 Bc5 18.Qb3 dxc3 19.Qxe6+ Nf7 20.Qf5 Bb4 21.Rb1 c2+
{#R} 0-1